Prénoms célèbres n°4 - Statistiques

Statistiques générales
  • Ce quiz a été pris 711 fois
  • Le résultat moyen est 14 sur 20
Statistiques - réponses
Prénom Noms de famille % Correct
Antoine de Saint-Exupéry, Lavoisier, Griezmann
95%
Georges Simenon, Pompidou, Clemenceau
91%
Lionel Jospin, Messi, Richie, Nallet
91%
Michel Foucault, Sardou, Houellebecq
91%
Christian Louboutin, Karembeu, Dior
90%
Hugo Chavez, Lloris, Clément
90%
Napoleon Bonaparte, Henri Reber, Nalaga
88%
Marc Chagall, Lavoine, Levy, Allégret
87%
Blaise Pascal, Matuidi, Cendrars
81%
Monica Bellucci, Seles, Sabolo, Lewinsky
80%
Angela Merkel, Bassett, Lansbury
78%
Kylian Mbappe, Mash, Hazard
78%
Olivier Megaton, Giroud, Martinez, Py
73%
Diego Rivera, Maradona, Costa
72%
Emmanuelle Béart, Seigner, Cosse, Devos
61%
Alexandre Loukachenko, Soljenitsyne, Astier, Desplat
51%
Frida Kahlo, Boccara, Leider
51%
Diana Vreeland, Ross, Spencer, Krall
39%
Martina Hingis, Navratilova, Gedeck, Suchá
38%
Pauline Ferrand-Prévot, Parmentier, Lafont
23%
Aucun quiz correspondant
Distribution des résultats
% des personnes avec chaque résultat
Percentile par nombre de réponses
Votre historique - résultats
Vous n’avez pas pris ce quiz